Normal view
MARC view
- ديرون،ر.ف مؤلف/أحمد،سعد مرسي م.مشارك/قريطم،محمد أنور م.مشارك
Entry Personal Name
001 - CONTROL NUMBER
- control field: 19693
003 - CONTROL NUMBER IDENTIFIER
- control field: JO-AjAnu
005 - DATE AND TIME OF LATEST TRANSACTION
- control field: 20230606073434.0
008 - FIXED-LENGTH DATA ELEMENTS
- fixed length control field: 230606|| aca||aabn | a|a d
040 ## - CATALOGING SOURCE
- Original cataloging agency: JO-AjAnu
- Transcribing agency: JO-AjAnu
100 ## - HEADING--PERSONAL NAME
- Personal name: ديرون،ر.ف مؤلف/أحمد،سعد مرسي م.مشارك/قريطم،محمد أنور م.مشارك
670 ## - SOURCE DATA FOUND
- Source citation: Work cat.: (JO-AjAnu)10111: ديرون،ر.ف مؤلف/أحمد،سعد مرسي م.مشارك/قريطم،محمد أنور م.مشارك, author, فلسفة التعليم الإبتدائي